000 00294nam a2200121Ia 4500
008 160319s9999 xx 000 0 und d
245 _aEncyclopedia Britannica 2013 /
245 _cBtitannica.
260 _cNA
300 _a1 videodisc :
300 _bsound., color ;
300 _c4 3/4 in.
999 _c292485
_d292485